000 00720cam a2200205 i 4500
999 _c7610
_d7610
003 OSt
005 20200317102624.0
008 120629t20132013njua 001 0 eng
020 _a9780470642191 (pbk.)
082 0 0 _a720.28
_223
_bTAL
100 1 _aTal, Daniel,
_d1971-
245 1 0 _aRendering in SketchUp :
_bfrom modeling to presentation for architecture, landscape architecture, and interior design /
_cDaniel Tal.
300 _axii, 628 pages :
_billustrations ;
_c24 cm
500 _aIncludes index.
630 0 0 _aSketchUp.
650 0 _aArchitectural design
_xData processing.
650 0 _aLandscape architectural drawing
_xData processing.
650 0 _aInterior decoration
_xComputer-aided design.
942 _2ddc